Star Academy 2024 - Basique [paroles] - Statistiques

Statistiques générales
  • Ce quiz a été pris 28 fois
  • Le résultat moyen est 56 sur 139
Statistiques - réponses
Hint Réponse % Correct
24 simple
84%
2 (simple)
84%
23 basique
79%
2 (basique)
79%
4 a
74%
1 à
74%
1 de
74%
1 Marine
74%
1 Maureen
74%
1 Charles
68%
1 Maylis
68%
1 Marguerite
63%
1 Ulysse
63%
1 un
63%
1 Ebony
58%
12 elle
58%
1 Emma
58%
9 est
58%
1 Franck
58%
1 Julie
58%
4 le
58%
1 Maïa
58%
1 Masseo
58%
1 Paul
58%
2 pieds
58%
1 Thomas
58%
3 une
58%
2 des
53%
1 hypersensible
53%
4 la
53%
1
53%
10 les
53%
3 mais
53%
1 Noah
53%
1 stress
53%
1 au
47%
2 comme
47%
1 dit
47%
1 nuit
47%
1 ogresse
47%
1 on
47%
11 pas
47%
1 pue
47%
1 que
47%
1 ronfle
47%
1 tout
47%
1 belge
42%
3 c'est
42%
2 deux
42%
1 dire
42%
1 faut
42%
1 fesses
42%
5 il
42%
1 l'écouter
42%
2 nous
42%
2 parle
42%
1 princesse
42%
5 quand
42%
2 ses
42%
1 télé
42%
1 va
42%
9 vous
42%
1 appelle
37%
9 bases
37%
1 danser
37%
1 déléguée
37%
2 et
37%
2 fait
37%
1 jour
37%
1 "loustic"
37%
1 monde
37%
9 n'avez
37%
2 parce
37%
2 pleure
37%
1 pour
37%
1 sait
37%
1 sur
37%
1 tape
37%
1 tient
37%
2 trop
37%
1 trucs
37%
1 aime
32%
1 autant
32%
1 celle
32%
1 château
32%
1 chaud
32%
1 choquer
32%
1 cons
32%
1 demandé
32%
1 devient
32%
1 heures
32%
1 impossible
32%
1 marrer
32%
1 qu'elle
32%
2 qu'on
32%
2 rit
32%
1 simples
32%
1 taré
32%
1 y
32%
1 choisi
26%
1 clasher
26%
1 cliché
26%
1 d'avant
26%
1 d'hiberner
26%
1 disent
26%
1 dix-huit
26%
1 du
26%
2 en
26%
1 faire
26%
1 flux
26%
1 front
26%
1 journée
26%
1 jusqu'à
26%
1 n'importe
26%
3 ok
26%
1 quoi
26%
1 susceptible
26%
1 toujours
26%
1 tournée
26%
1 toutes
26%
1 aigu
21%
1 fatiguée
21%
1 imiter
21%
1 même
21%
1 moins
21%
1 musique
21%
1 outrer
21%
1 préfère
21%
1 promotions
21%
1 raté
21%
1 sociabiliser
21%
1 veut
21%
1 émue
16%
1 pleut
16%
1 s'isoler
16%
1 tranquille
16%
1 faisait
11%
1 "houite"
11%
1 passées
11%
Aucun quiz correspondant
Distribution des résultats
% des personnes avec chaque résultat
Percentile par nombre de réponses
Votre historique - résultats
Vous n’avez pas pris ce quiz